| Tag |
First Indicator |
Second Indicator |
Subfields |
| LEADER |
00000cam a2200000I 4500 |
| 001 |
in00002782858 |
| 005 |
20191019063212.0 |
| 008 |
120218s2012 ii b 001 0 eng d |
| 020 |
|
|
|a 9780198078982
|
| 020 |
|
|
|a 0198078986
|
| 035 |
|
|
|a (OCoLC)ocn777655958
|
| 040 |
|
|
|a BTCTA
|c BTCTA
|d UAT
|d YDX
|d BWX
|d CDX
|d UtOrBLW
|
| 049 |
|
|
|a TXAM
|
| 050 |
|
4 |
|a HG1235
|b .P38 2012
|
| 082 |
0 |
|
|a 332.4954
|2 23
|
| 100 |
1 |
|
|a Patel, I. G.
|q (Indraprasad Gordhanbhai),
|d 1924-
|
| 245 |
1 |
0 |
|a Of economics, policy, and development :
|b an intellectual journey /
|c by I.G. Patel ; edited by Deena Khatkhate, Y.V. Reddy.
|
| 250 |
|
|
|a 1st ed.
|
| 264 |
|
1 |
|a New Delhi :
|b Oxford University Press,
|c 2012.
|
| 300 |
|
|
|a xxxii, 456 pages ;
|c 25 cm.
|
| 336 |
|
|
|a text
|b txt
|2 rdacontent
|
| 337 |
|
|
|a unmediated
|b n
|2 rdamedia
|
| 338 |
|
|
|a volume
|b nc
|2 rdacarrier
|
| 504 |
|
|
|a Includes bibliographical references and index.
|
| 650 |
|
0 |
|a Monetary policy
|z India.
|
| 650 |
|
0 |
|a Monetary policy.
|
| 651 |
|
0 |
|a India
|x Economic policy
|y 1991-2016.
|
| 650 |
|
0 |
|a Economic policy.
|
| 650 |
|
0 |
|a Economic development
|z India.
|
| 650 |
|
0 |
|a Economic development.
|
| 700 |
1 |
|
|a Khatkhate, Deena R.
|
| 700 |
1 |
|
|a Reddy, Y. V.
|
| 945 |
|
|
|a PromptCat
|b 108315
|
| 946 |
|
|
|a stk
|
| 947 |
|
|
|a A14836013371
|
| 948 |
|
|
|a cataloged
|b h
|c 2012/12/6
|d c
|e dmitchel
|f 12:30:20 pm
|
| 994 |
|
|
|a 92
|b TXA
|
| 999 |
|
|
|a MARS
|
| 999 |
f |
f |
|s 733dcab4-9860-3beb-838b-af577d0a895d
|i 61ddf92e-0913-3568-8268-f390f1ebde03
|t 0
|
| 952 |
f |
f |
|p ric
|a Texas A&M University
|b Rellis Campus
|c Joint Library Facility
|d Remote Storage
|t 0
|e HG1235 .P38 2012
|h Library of Congress classification
|i unmediated -- volume
|m A14836013371
|
| 998 |
f |
f |
|a HG1235 .P38 2012
|t 0
|l Remote Storage
|